000 00350nam a2200145 a 4500
003 MO
005 20170315104621.0
008 100915s19uu xx 00 eng d
050 _aTR
_bP96 2001
100 _aPullman, Philip
245 _aThe golden compass.
260 _aNew York :
_bA Yearling Book,
_c2001.
942 _2ddc
_cBK
999 _c110854
_d110854